000 01146nam a22003257i 4500
003 EG-GICUC
005 20260121101450.0
008 251210s1970 fr ||||fr|||| 00| 0 fre d
040 _aEG-GiCUC
_bfre
_cEG-GiCUC
_dEG-GiCUC
_eRda
041 _afre
082 0 4 _221
_a341.22
_bMA . S
092 0 4 _221
099 _aLaw1 11 341.22 MA . S 2 ed -1970
100 1 _aMandelstam, André N.,
_d1869-1949,
_eAuteur
245 1 3 _aLa Société des nations et les puissances devant le problème arménien /
_cpar André-N. Mandelstam ; Preface Edmond Wadih Naim.
250 _a2 Eme Edition.
264 1 _aParis :
_bA. Pedone,
_c1970.
300 _a514 page ;
_c24 cm.
336 _2rda contenu
_a texte
337 _2rda medias
_aOrdinateur
338 _2 transporteur rda
_a Ressource en ligne
504 _aBibliography and Bibliographic references
546 _aTexte en français
650 1 4 _aSociété des Nations
_xDroit international public
_2qrmak
651 1 _2qrmak
700 1 _aNaim, Edmond Wadih
_ePréfacier
856 4 0 _uhttps://fll.law.cu.edu.eg/fulltext/bks/B11-05476.pdf
905 _a75
_eHassnaa
942 _2ddc
_cBK
_e21
_n0
999 _c49683
_d49683